Members of A.C.E - Statistics

General Stats
  • This quiz has been taken 13 times
  • The average score is 4 of 5
Answer Stats
Answer % Correct
wow
100%
jun
75%
chan
63%
donghun
63%
kim byeongkwan
63%
No matching quizzes found
Score Distribution
Percent of People with Each Score
Percentile by Number Answered
Your Score History
You have not taken this quiz